000 01428cam a2200421 i 4500
999 _c2677
_d2677
001 .b53259336
003 OSt
005 20230809153459.0
008 150728s2016 enkab b 001 0 eng
010 _a2015020093
020 _a9781138943773
_q(pbk. : alk. paper)
040 _aDLC
_beng
_cDLC
_dAS
_dKH8
042 _anbic
043 _ae------
_an-us---
_ae-ur---
050 4 _aD727
_b.M38 2016
082 0 0 _a327.4009044 MCC
100 1 _aMcCauley, Martin,
_eauthor.
245 1 0 _aOrigins of the Cold War 1941-1949 /
_cMartin McCauley.
250 _aFourth edition.
260 _c2016.
264 1 _aMilton Park, Abingdon, Oxon ;
_aNew York, NY :
_bRoutledge,
_c2016.
300 _axxviii, 216 pages :
_billustrations, maps ;
_c6.14 x 0.55 x 9.21 inches
336 _atext
_2rdacontent.
337 _aunmediated
_2rdamedia.
338 _avolume
_2rdacarrier.
490 1 _aSeminar studies.
500 _aPrevious edition: 2003.
504 _aIncludes bibliographical references and index.
650 0 _aWorld War, 1939-1945
_xDiplomatic history.
650 0 _aWorld War, 1939-1945
_xInfluence.
650 0 _aCold War.
651 0 _aEurope
_xForeign relations
_y1918-1945.
651 0 _aEurope
_xForeign relations
_y1945-
651 0 _aUnited States
_xForeign relations
_zSoviet Union.
651 0 _aSoviet Union
_xForeign relations
_zUnited States.
830 0 _aSeminar studies in history.
942 _2ddc
_cTR